000 00425nam a22001817a 4500
003 MPLRDC
005 20220104153138.0
008 210129b ||||| |||| 00| 0 eng d
082 _a857.6 AY
100 _a艾云
245 _a何田田
_c
250 _a初版
260 _a
_b天地图书有限公司
_c1977
300 _b
490 _a天地图书有限公司
650 _a短篇小说
942 _cBK
_o857.6 AY
999 _c53275
_d53265